Salud ocupacional Gua̕ prc̀tica /

Detalles Bibliográficos
Autor principal: ℓlvarez Heredia, Francisco
Formato: eBook
Lenguaje:español
Publicado: Bogot:̀ Ediciones de la U, 2012
Materias:
Acceso en línea:Acceso restringido

MARC

LEADER 00000nam a22000007a 4500
005 2018103007227.0
007 cr|||| ||||
008 181030s2012 co |||||s|||| 00||0 spa d
020 |a 9789587620016 
035 |a 22083 
040 |a vLex 
090 |c 8217  |d 8217 
100 1 |a ℓlvarez Heredia, Francisco 
245 1 0 |a Salud ocupacional  |h [Recurso electrn̤ico] :  |b Gua̕ prc̀tica /  |c Francisco ℓlvarez Heredia 
256 |a Servicio en ln̕ea 
260 |a Bogot:̀  |b Ediciones de la U,  |c 2012 
300 |a 1 recurso electrn̤ico 
500 |a Con el objeto de fomentar la cultura preventiva se introducen en este texto capt̕ulos dedicados a conceptos en prevencin̤, tčnicas de prevencin̤, calidad y medidas prioritarias a adoptar por el empresario para controlar o eliminar los riesgos. Coloca en manos de los profesionales de Salud ocupacional, trabajadores y empresarios un instrumento que sirve para conocer los riesgos y las principales medidas preventivas que se pueden implementar en los puestos de trabajo. 
506 1 |a Disponible solo en los productos indicados  |d vLex Global  |d vLex Global (Academic Edition, excluding Law Schools)  |d vLex Global (U.S. Academic Edition, Law Schools)  |d vLex Global (U.S. Academic Edition, excluding Law Schools)  |d vLex Global (Academic Edition, Law Schools) 
650 0 4 |a Economa̕ y negocios  |z Colombia 
650 0 4 |a Administracin̤ (Management)  |z Colombia 
740 0 |a vLex Libros (Servicio en ln̕ea) 
856 4 0 |u http://vlex.com/source/salud-ocupacional-guia-practica-22083  |z Acceso restringido 
942 |c BOOK 
999 0 |a Economy and business 
999 0 |a Administration (Management)